Регионална библиотека "Любен Каравелов" - Русе

Вътрешни болести (Запис номер 61117)

MARC детайли
000 -Лидер
Контролно поле с фиксирана дължина 01371nam a2200325 c 4500
003 - Код на организацията, давaща контролен номер
Контролно поле BLK
005 - Дата и час на последна редакция
Контролно поле 20180422102424.0
008 - Елементи от данни с фиксирана дължина
fixed length control field 180408b bul|||||r ||||||| ||bul||
010 ## - Наследен системен номер
LC control number KNG00065310000
040 ## - Източник на каталожния запис
Идентификатор на билиотеката - собственик на записа BLK
041 ## - Код за език
Код за езика на текст/звукозапис или на отделно заглавие Български
Код за езика КДБФ Български
080 ## - УДК
Текстов определител УДК Вътрешни болести
УДК код - определител по УДК 616.1/.4
УДК определител (075.8)
УДК - код + определител 616.1/.4(075.8)
139 ## - Редно поле
Редна дума Вътрешни болести
Авторски знак Въс - В 98
245 10 - Сведения за заглавието
Заглавие Вътрешни болести
Подзаглавни данни Учебник за студентите по медицина : Т. 1 -
Редно поле (дума) ред. Атанас Малеев; авт. на том Кольо Денчев Денев.
Том Т. 1
Заглавие на том Пропедевтика на вътрешните болести
257 ## - Страна на издаване
Страна на създаване/издаване България
260 ## - Област на издателските данни
-- София
Име на издателя, разпространителя и проч. Медицина и физкултура
Година на издаване 1984
300 ## - Физическа характеристика
Размери/Мащаб 25 см
380 ## - Жанр
Жанр Медицина
650 #4 - Допълнително описание по предмет – тема
Основно описание – тема или топоним Вътрешни болести - учебници за ВУЗ
9 (RLIN) 244372
653 ## - Ключова дума – ненормативна
Ключова дума вътрешни болести
653 ## - Ключова дума – ненормативна
Ключова дума пропедевтика
700 1# - Други автори (авторска отговорност)
Лично име Малеев, Атанас
Автороска отговорност (Описва отношението между автора и произведението) ред.
9 (RLIN) 363634
700 1# - Други автори (авторска отговорност)
Лично име Денев, Кольо Денчев
Автороска отговорност (Описва отношението между автора и произведението) авт. на том
9 (RLIN) 290324
760 1# - Описание на основната серия
Място на издаване, издател и година 1984
Страници - том 551 с. : с ил.
Заглавие Т. 1 Пропедевтика на вътрешните болести
852 ## - Местоположение
Форматна сигнатура Цб 128965
856 4# - Електронен адрес и достъп
Електронен формат pdf - файл
Път до файла /url/
856 4# - Електронен адрес и достъп
Електронен формат pdf - файл
Път до файла /url/
942 ## - АРТИКУЛИ
Вид на библиотечния материал Книги
Скрит в OPAC Не
944 ## - СЪЗДАВАНЕ И РЕДАКЦИЯ на ЗАПИСА
Създаване/Редакция Създаване
Дата на регистрацията/редакция 13.06.2004
Служител, извършил регистрацията/редакцията Геновева_Генчева
944 ## - СЪЗДАВАНЕ И РЕДАКЦИЯ на ЗАПИСА
Създаване/Редакция Редакция
Дата на регистрацията/редакция 19.06.2006
Служител, извършил регистрацията/редакцията
999 ## - СИСТЕМНИ КОНТРОЛНИ НОМЕРА
Koha biblionumber 61117
Koha biblioitemnumber 61117
Наличности
Код за отписване Код за изгубен артикул Източник на класификационната схема Код за повреда Коз за рестрикции Код за отдаване Артикулен № Име на библиотеката - собственик Име на библиотеката, в която се намира в момента Статус (Текущо местоположение) Дата на вписване в системата Местоположение - отдел Цена в лева Инвентарен номер Систематично азбучна сигнатура Баркод Номер на екземпляра Цена в евро Служебна бележка Служебен тип на артикула
  Не е изгубен Universal Decimal Classification Не е повреден без рестрикции ползва се в читалня 100957 Регионална библиотека "Любен Каравелов" Русе Регионална библиотека "Любен Каравелов" Русе Читалня 1993-01-01 Читалня 3.09 415536 Ч 616.1/.4/В 98 120000415536 1 1.58 Дата инв: 20.03.2017 Бележки инв: Ч2017 Книги
  Не е изгубен Universal Decimal Classification Не е повреден без рестрикции ползва се в читалня 100958 Регионална библиотека "Любен Каравелов" Русе Регионална библиотека "Любен Каравелов" Русе Хранилище 1984-01-01 Хранилище 3.09 413251 Цб 128965 900000022243 2 1.58 Дост: Dp Вид: Д N: стар фонд Дата: 01.01.1984 Книги
Vip Innovations Ltd, Rousse, Bulgaria 2025